Don Tadeo (Record no. 170480)
[ view plain ]
| 000 -LEADER | |
|---|---|
| campo de control de longitud fija | 01051nam a2200229 i 4500 |
| 001 - NÚMERO DE CONTROL | |
| campo de control | 170480 |
| 003 - IDENTIFICADOR DE NÚMERO DE CONTROL | |
| campo de control | ES-MaACL |
| 005 - FECHA Y HORA DE LA ÚLTIMA TRANSACCIÓN | |
| campo de control | 20250824072541.0 |
| 008 - DATOS DE LONGITUD FIJA--INFORMACIÓN GENERAL | |
| campo de control de longitud fija | 090310s1926 ag |||| | spa d |
| 080 ## - NÚMERO DE LA CLASIFICACIÓN DECIMAL UNIVERSAL | |
| Número de la Clasificación Decimal Universal | 821.134.2 (82)-2"18" |
| 100 1# - ENTRADA PRINCIPAL--NOMBRE DE PERSONA | |
| Nombre de persona | Cuenca, Claudio Mamerto. |
| 9 (RLIN) | 139615 |
| 245 10 - MENCIÓN DEL TÍTULO | |
| Título | Don Tadeo |
| Resto del título | : comedia / |
| Mención de responsabilidad, etc. | Claudio Mamerto Cuenca ; [noticia por Narciso Binayán]. |
| 260 ## - PUBLICACIÓN, DISTRIBUCIÓN, ETC. | |
| Lugar de publicación, distribución, etc. | Buenos Aires : |
| Nombre del editor, distribuidor, etc. | [s. n.], |
| Fecha de publicación, distribución, etc. | 1926 ( |
| Fabricante | Imp. de la Universidad) |
| 300 ## - DESCRIPCIÓN FÍSICA | |
| Extensión | 2 h., p. 366--679 ; |
| Dimensiones | 23 cm. |
| 490 1# - MENCIÓN DE SERIE | |
| Mención de serie | Sección de documentos. Primera serie. T. II: Teatro en verso / Facultad de Filosofía y Letras de la Universidad de Buenos Aires, Instituto de Literatura Argentina ; |
| Designación de volumen o secuencia | 4 |
| 700 1# - ENTRADA AGREGADA--NOMBRE PERSONAL | |
| Nombre de persona | Binayán, Narciso. |
| 9 (RLIN) | 152219 |
| 710 2# - ENTRADA AGREGADA--NOMBRE DE ENTIDAD CORPORATIVA | |
| Nombre de entidad corporativa o nombre de jurisdicción como elemento de entrada | Universidad de Buenos Aires. |
| Unidad subordinada | Instituto de Literatura Argentina. |
| 9 (RLIN) | 139614 |
| 830 00 - PUNTO DE ACCESO ADICIONAL DE SERIE-TÍTULO UNIFORME | |
| Título uniforme | Sección de documentos. |
| Nombre de parte o sección de la obra | Primera serie. |
| -- | Teatro en verso (Instituto de Literatura Argentina) |
| Designación de volumen o secuencia | 4 |
| 9 (RLIN) | 188931 |
| 852 ## - LOCALIZACIÓN | |
| Ubicación | ES-MaACL |
| Número de control de estantería | C-6628(2) |
| Nota libre | Enc. en un vol. facticio |
| 942 ## - ELEMENTOS DE ENTRADA SECUNDARIOS (KOHA) | |
| Fuente del sistema de clasificación o colocación | Clasificación decimal universal |
| Estatus retirado | Estado de pérdida | Estado de daño | No para préstamo | Biblioteca de origen | Biblioteca actual | Ubicación en estantería | Fecha de adquisición | Total de préstamos | Signatura topográfica completa | Código de barras | Visto por última vez | Precio de reemplazo | Tipo de ítem Koha |
|---|---|---|---|---|---|---|---|---|---|---|---|---|---|
| Biblioteca del Ateneo de Madrid | Biblioteca del Ateneo de Madrid | Sala Palomar | 10/03/2009 | C-6628(2) | 1178930 | 23/02/2023 | 23/02/2023 | Libro impreso |
